[Event "USA Women's Championship 2007"]
[Site "Stillwater USA"]
[Date "2007.07.16"]
[Round "1.2"]
[White "Battsetseg, Tsagaan"]
[Black "Vicary, Elizabeth"]
[Result "1-0"]
[WhiteElo "2241"]
[BlackElo "2148"]
[PlyCount "113"]
[EventDate "2007.07.16"]
[EventType "tourn"]
[EventCountry "USA"]
[Source "lmi"]
[SourceDate "2007.07.16"]

1. e4 c5 2. Nf3 Nc6 3. Bb5 e6 4. O-O Nge7 5. b3 a6 6. Bxc6 Nxc6 7. Bb2 f6 8. c3
d5 9. exd5 Qxd5 10. d4 cxd4 11. cxd4 Bb4 12. a3 Ba5 13. b4 Bc7 14. Nc3 Qd6 15.
Re1 O-O 16. Ne4 Qd5 17. Rc1 b6 18. Nc3 Qh5 19. Ne4 Bb7 20. Qb3 Qd5 21. Qxd5
exd5 22. Nc3 Rfd8 23. Na4 Kf7 24. Rc2 Rac8 25. g3 g5 26. h4 h6 27. Rec1 Rd6 28.
Kg2 Bd8 29. hxg5 hxg5 30. Rh1 Kg7 31. Re2 Ne7 32. Rhe1 Rc7 33. Bc1 Bc8 34. Nxg5
fxg5 35. Bxg5 Ng6 36. Bxd8 Rxd8 37. Nxb6 Rc3 38. Re3 Rxe3 39. Rxe3 Kf6 40. Rc3
Be6 41. Rc7 Rd6 42. Na4 Bd7 43. Nc5 Bb5 44. f4 Ne7 45. g4 Rc6 46. Ra7 Nc8 47.
Rh7 Nd6 48. Rh5 Bc4 49. Nd7+ Kg7 50. Rg5+ Kh6 51. Ne5 Rb6 52. Rg6+ Kh7 53. f5
Nc8 54. f6 Rb7 55. g5 Nd6 56. Rh6+ Kg8 57. g6 1-0

[Event "USA Women's Championship 2007"]
[Site "Stillwater USA"]
[Date "2007.07.16"]
[Round "1.5"]
[White "Rohonyan, Katerina"]
[Black "Abrahamyan, Tatev"]
[Result "1-0"]
[WhiteElo "2316"]
[BlackElo "2237"]
[PlyCount "37"]
[EventDate "2007.07.16"]
[EventType "tourn"]
[EventCountry "USA"]
[Source "lmi"]
[SourceDate "2007.07.16"]

1. e4 c5 2. Nf3 d6 3. d4 cxd4 4. Nxd4 Nf6 5. Nc3 a6 6. Bg5 e6 7. f4 Qb6 8. Qd2
Qxb2 9. Rb1 Qa3 10. e5 dxe5 11. fxe5 Nfd7 12. Ne4 h6 13. Bh4 Nc6 14. Nxc6 bxc6
15. Be2 Qxa2 16. O-O Qd5 17. Qf4 Bc5+ 18. Kh1 O-O 19. c4 1-0

[Event "USA Women's Championship 2007"]
[Site "Stillwater USA"]
[Date "2007.07.16"]
[Round "2.1"]
[White "Melekhina, Alisa"]
[Black "Abrahamyan, Tatev"]
[Result "1/2-1/2"]
[WhiteElo "2099"]
[BlackElo "2237"]
[PlyCount "75"]
[EventDate "2007.07.16"]
[EventType "tourn"]
[EventCountry "USA"]
[Source "lmi"]
[SourceDate "2007.07.16"]

1. e4 c5 2. Nc3 d6 3. g3 g6 4. Bg2 Bg7 5. Nge2 Nc6 6. d3 Rb8 7. O-O b5 8. Nd5
e6 9. Ne3 Nge7 10. f4 Nd4 11. c3 Nxe2+ 12. Qxe2 O-O 13. Bd2 b4 14. h4 f5 15.
exf5 gxf5 16. Nc4 Nd5 17. cxb4 Nxb4 18. Bc3 Rf7 19. Rfe1 Qc7 20. Kh2 Nc6 21.
Bxg7 Rxg7 22. b3 Nd4 23. Qf2 Kh8 24. Rac1 Bb7 25. Bxb7 Qxb7 26. Re3 Qe7 27. Nd2
Rbg8 28. Rg1 Qf6 29. Nf3 e5 30. Ng5 h6 31. Nh3 Rg4 32. Rge1 Qg7 33. Rg1 e4 34.
dxe4 fxe4 35. Rxe4 Nf5 36. Re6 Nxg3 37. Rxg3 Rxg3 38. Ng5 1/2-1/2

[Event "USA Women's Championship 2007"]
[Site "Stillwater USA"]
[Date "2007.07.16"]
[Round "2.2"]
[White "Tuvshintugs, Batchim"]
[Black "Rohonyan, Katerina"]
[Result "1/2-1/2"]
[WhiteElo "2236"]
[BlackElo "2316"]
[PlyCount "131"]
[EventDate "2007.07.16"]
[EventType "tourn"]
[EventCountry "USA"]
[Source "lmi"]
[SourceDate "2007.07.16"]

1. e4 c5 2. Nf3 Nc6 3. d4 cxd4 4. Nxd4 Nf6 5. Nc3 e5 6. Ndb5 d6 7. Bg5 a6 8.
Na3 b5 9. Nd5 Be7 10. Bxf6 Bxf6 11. c3 Bg5 12. Nc2 Ne7 13. Ncb4 O-O 14. a4 bxa4
15. Rxa4 a5 16. Bb5 Bh3 17. Nxe7+ Qxe7 18. Bc6 Rac8 19. Rxa5 Bxg2 20. Rg1 Bh3
21. Qh5 Bh4 22. Qh6 g6 23. Bd5 Be6 24. Qe3 Bxd5 25. Nxd5 Qb7 26. Qb6 Qxb6 27.
Nxb6 Rb8 28. Nc4 f5 29. Rd5 fxe4 30. Rd2 d5 31. Rg4 Bxf2+ 32. Rxf2 Rxf2 33.
Kxf2 dxc4 34. Rxe4 Rxb2+ 35. Kg3 Kf7 36. Rxc4 Kf6 37. Rc7 h5 38. Rc8 Kf5 39. h3
Ke4 40. Rg8 Rb6 41. Rc8 Kd3 42. c4 e4 43. c5 Re6 44. Rd8+ Ke2 45. Rd6 Re5 46.
Kf4 Rxc5 47. Kxe4 g5 48. Rh6 h4 49. Rf6 Ra5 50. Rf7 Ra3 51. Rg7 Ra5 52. Rf7
Ra4+ 53. Ke5 Ra3 54. Rg7 Rxh3 55. Rxg5 Rf3 56. Ke4 h3 57. Ra5 Rf8 58. Rh5 Rf3
59. Ra5 Re3+ 60. Kf4 Rd3 61. Ra2+ Kf1 62. Ra1+ Ke2 63. Ra2+ Kd1 64. Kg4 Ke1 65.
Rh2 Rd8 66. Rxh3 1/2-1/2

[Event "USA Women's Championship 2007"]
[Site "Stillwater USA"]
[Date "2007.07.16"]
[Round "2.4"]
[White "Vicary, Elizabeth"]
[Black "Airapetian, Chouchanik"]
[Result "1-0"]
[WhiteElo "2148"]
[BlackElo "2162"]
[PlyCount "74"]
[EventDate "2007.07.16"]
[EventType "tourn"]
[EventCountry "USA"]
[Source "lmi"]
[SourceDate "2007.07.16"]

1. e4 e5 2. Nf3 Nc6 3. Bb5 a6 4. Ba4 Nf6 5. Qe2 b5 6. Bb3 Bc5 7. d3 h6 8. c3
O-O 9. O-O d6 10. Be3 Ba7 11. a4 Bd7 12. Nbd2 Na5 13. Bc2 Bxe3 14. fxe3 c5 15.
Nh4 Nxe4 16. Nxe4 Qxh4 17. Nxd6 c4 18. Nf5 Bxf5 19. Rxf5 Qe7 20. axb5 axb5 21.
Qf3 Rfd8 22. Qe4 f6 23. d4 Qb7 24. dxe5 fxe5 25. Rxe5 Qxe4 26. Bxe4 Ra7 27.
Rxb5 Re7 28. Bd5+ Rxd5 29. Rxd5 Nc6 30. Ra4 Rxe3 31. Rxc4 Ne5 32. Rc7 Ng4 33.
Rd1 Re2 34. b4 Ne3 35. Rd8+ Kh7 36. Rdd7 Rxg2+ 37. Kh1 Rg5 1-0

[Event "USA Women's Championship 2007"]
[Site "Stillwater USA"]
[Date "2007.07.17"]
[Round "3.1"]
[White "Battsetseg, Tsagaan"]
[Black "Melekhina, Alisa"]
[Result "1-0"]
[WhiteElo "2241"]
[BlackElo "2099"]
[PlyCount "143"]
[EventDate "2007.07.16"]
[EventType "tourn"]
[EventCountry "USA"]
[Source "lmi"]
[SourceDate "2007.07.16"]

1. e4 e5 2. Nf3 Nc6 3. Bc4 Nf6 4. d3 Bc5 5. c3 a6 6. O-O Ba7 7. Bb3 O-O 8. Bg5
h6 9. Bh4 d6 10. Nbd2 Be6 11. Bc2 Bg4 12. h3 Be6 13. Re1 Ne7 14. Bxf6 gxf6 15.
Nh4 Kh7 16. d4 Rg8 17. Qf3 Ng6 18. Nxg6 Rxg6 19. Nf1 Qd7 20. Kh2 Rag8 21. Ng3
Qd8 22. Rad1 Rg5 23. Rg1 Kh8 24. Nh5 R8g6 25. g4 c6 26. Qe3 Rg8 27. Kh1 d5 28.
f3 Qe7 29. Qd3 R5g6 30. Rge1 exd4 31. exd5 cxd5 32. cxd4 Bb8 33. Qd2 Qd6 34.
Bxg6 Rxg6 35. Re2 f5 36. Rg1 fxg4 37. fxg4 Qd8 38. Nf4 Rf6 39. Nxe6 fxe6 40.
Rf2 Rg6 41. Rgf1 Bd6 42. Qd3 Qh4 43. Rg2 Rg7 44. Kg1 Kg8 45. Qe3 Rg6 46. Qf3
Rg7 47. a3 Qg5 48. Re2 h5 49. Rg2 h4 50. Rc2 Qg6 51. Rc8+ Kh7 52. Qf6 Bg3 53.
Qxg6+ Kxg6 54. Rcf8 Rc7 55. R8f6+ Kg7 56. Rxe6 Rc2 57. Re7+ Kg6 58. Rxb7 Bh2+
59. Kh1 Bg3 60. Rf5 Rc1+ 61. Kg2 Rc2+ 62. Kf1 Rc1+ 63. Ke2 Rh1 64. Rxd5 Rh2+
65. Kd1 Rxh3 66. Rb6+ Kf7 67. Rd7+ Kf8 68. Rxa6 Rh1+ 69. Kc2 Rh2+ 70. Kb1 Rh1+
71. Ka2 Ke8 72. Rh7 1-0

[Event "USA Women's Championship 2007"]
[Site "Stillwater USA"]
[Date "2007.07.17"]
[Round "3.4"]
[White "Rohonyan, Katerina"]
[Black "Baginskaite, Camilla"]
[Result "1-0"]
[WhiteElo "2316"]
[BlackElo "2328"]
[PlyCount "123"]
[EventDate "2007.07.16"]
[EventType "tourn"]
[EventCountry "USA"]
[Source "lmi"]
[SourceDate "2007.07.16"]

1. e4 c5 2. Nf3 d6 3. d4 cxd4 4. Nxd4 Nf6 5. Nc3 a6 6. Bg5 e6 7. f4 Qb6 8. Qd3
Nc6 9. O-O-O Nxd4 10. Qxd4 Qxd4 11. Rxd4 Rb8 12. Be2 Be7 13. Bf3 h6 14. Bh4 g5
15. fxg5 Nd7 16. Bg3 hxg5 17. Rxd6 Bxd6 18. Bxd6 Ra8 19. e5 f5 20. exf6 Nxf6
21. Rf1 g4 22. Be2 Rh6 23. Na4 Bd7 24. Nb6 Rd8 25. Bf4 Rg6 26. Bd3 Rg8 27. Bc7
Ke7 28. Bxd8+ Rxd8 29. Nxd7 Nxd7 30. Rf4 Ne5 31. Be4 b6 32. h4 gxh3 33. gxh3
Rg8 34. b3 Rg3 35. h4 Rh3 36. Kd2 a5 37. a4 Kd6 38. Ke2 Nd7 39. Bg2 Rc3 40. Kd2
Rg3 41. Bf3 Ne5 42. Be2 Ng6 43. Rc4 e5 44. Bd3 Ne7 45. Ke2 Nd5 46. Kf2 Rg8 47.
h5 Rh8 48. Rh4 Rh6 49. Kg3 Ke7 50. Kg4 Kf6 51. Rh2 Nf4 52. Be4 Ne6 53. Rd2 Nd4
54. Bg6 Rh8 55. Rf2+ Ke6 56. Kg5 Kd5 57. Bf7+ Ke4 58. Kg6 Ke3 59. Rf6 Rc8 60.
c4 Nxb3 61. h6 Rh8 62. Kg7 1-0

[Event "USA Women's Championship 2007"]
[Site "Stillwater USA"]
[Date "2007.07.17"]
[Round "3.5"]
[White "Abrahamyan, Tatev"]
[Black "Tuvshintugs, Batchim"]
[Result "0-1"]
[WhiteElo "2237"]
[BlackElo "2236"]
[PlyCount "128"]
[EventDate "2007.07.16"]
[EventType "tourn"]
[EventCountry "USA"]
[Source "lmi"]
[SourceDate "2007.07.16"]

1. e4 e5 2. Nf3 Nc6 3. Bc4 Nf6 4. d3 Be7 5. O-O O-O 6. Re1 d6 7. c3 Na5 8. Bb5
a6 9. Ba4 b5 10. Bc2 c5 11. Nbd2 Nc6 12. Nf1 h6 13. Ng3 Re8 14. h3 Bf8 15. Nh2
Be6 16. Qf3 g6 17. Ngf1 d5 18. g4 c4 19. Ng3 Rc8 20. exd5 Bxd5 21. Ne4 Re6 22.
dxc4 Bxe4 23. Bxe4 bxc4 24. Rd1 Qb6 25. Nf1 Nxe4 26. Qxe4 Rf6 27. Qe2 Nd8 28.
Ng3 Rxf2 29. Be3 Rxe2 30. Bxb6 Rxb2 31. Bxd8 Rc2 32. Ne4 f5 33. gxf5 gxf5 34.
Ng3 f4 35. Ne4 Re2 36. Nf6+ Kf7 37. Ng4 h5 38. Nf2 Bc5 39. Bh4 Re3 40. Rd5 Ke6
41. Rad1 Rxc3 42. Rxc5 Rxc5 43. Ne4 Rxh3 44. Nxc5+ Kf5 45. Bf2 Ra3 46. Rd2 e4
47. Rd5+ Kg4 48. Nxe4 Rxa2 49. Kg2 f3+ 50. Kh2 c3 51. Rd4 Kf5 52. Kg3 c2 53.
Be3 Ra3 54. Bd2 Ke5 55. Rc4 Kd5 56. Rxc2 Kxe4 57. Bg5 a5 58. Rc4+ Kd3 59. Rc8
Ke2 60. Re8+ Kf1 61. Kh2 Ra2+ 62. Kg3 Rg2+ 63. Kh4 Re2 64. Rf8 f2 0-1

[Event "USA Women's Championship 2007"]
[Site "Stillwater USA"]
[Date "2007.07.17"]
[Round "4.1"]
[White "Melekhina, Alisa"]
[Black "Tuvshintugs, Batchim"]
[Result "1-0"]
[WhiteElo "2099"]
[BlackElo "2236"]
[PlyCount "89"]
[EventDate "2007.07.16"]
[EventType "tourn"]
[EventCountry "USA"]
[Source "lmi"]
[SourceDate "2007.07.16"]

1. e4 e5 2. Nf3 Nc6 3. Nc3 Nf6 4. Bb5 Nd4 5. Nxd4 exd4 6. e5 dxc3 7. exf6 Qxf6
8. dxc3 Bc5 9. Qe2+ Qe6 10. Qxe6+ fxe6 11. Bf4 c6 12. Be2 O-O 13. Bg3 e5 14. f3
Re8 15. O-O-O b5 16. Rhe1 a5 17. c4 b4 18. Bd3 Bd4 19. Bxh7+ Kf8 20. Rxd4 exd4
21. Bd6+ Kf7 22. Bg6+ Kxg6 23. Rxe8 Bb7 24. Re7 Kf6 25. Rxd7 Ba6 26. Bc5 Bxc4
27. Bxd4+ Kf5 28. Rxg7 Re8 29. b3 Bb5 30. g4+ Ke6 31. f4 Kd5 32. Be5 Ke4 33.
Rd7 Be2 34. g5 Kf5 35. Rd6 Bf3 36. g6 Bd5 37. g7 Rg8 38. h3 Ke4 39. h4 Kf5 40.
h5 Kg4 41. h6 Be4 42. Rf6 Bh7 43. Rf8 Kh5 44. f5 Kxh6 45. f6 1-0

[Event "USA Women's Championship 2007"]
[Site "Stillwater USA"]
[Date "2007.07.17"]
[Round "4.2"]
[White "Baginskaite, Camilla"]
[Black "Abrahamyan, Tatev"]
[Result "1-0"]
[WhiteElo "2328"]
[BlackElo "2237"]
[PlyCount "75"]
[EventDate "2007.07.16"]
[EventType "tourn"]
[EventCountry "USA"]
[Source "lmi"]
[SourceDate "2007.07.16"]

1. d4 Nf6 2. c4 c5 3. d5 b5 4. cxb5 a6 5. b6 d6 6. Nc3 g6 7. a4 Qxb6 8. a5 Qb4
9. Ra4 Qb7 10. e4 Bg7 11. Bc4 Nbd7 12. f4 O-O 13. Nf3 Ne8 14. O-O Nc7 15. Qd3
Nf6 16. Bd2 Bd7 17. Raa1 Bb5 18. b3 Rad8 19. f5 Nd7 20. Bf4 Rb8 21. Rab1 Ne8
22. g4 Nef6 23. h3 Bxc4 24. bxc4 Qc7 25. Bd2 Qxa5 26. Nb5 Qd8 27. Na7 Rxb1 28.
Rxb1 Qa8 29. Nc6 Re8 30. Ba5 Nb8 31. e5 Nfd7 32. e6 Nxc6 33. exd7 Nxa5 34.
dxe8=Q+ Qxe8 35. Qc2 gxf5 36. gxf5 Qd7 37. Rb8+ Bf8 38. Qc3 1-0

[Event "USA Women's Championship 2007"]
[Site "Stillwater USA"]
[Date "2007.07.17"]
[Round "4.3"]
[White "Vicary, Elizabeth"]
[Black "Rohonyan, Katerina"]
[Result "1/2-1/2"]
[WhiteElo "2148"]
[BlackElo "2316"]
[PlyCount "69"]
[EventDate "2007.07.16"]
[EventType "tourn"]
[EventCountry "USA"]
[Source "lmi"]
[SourceDate "2007.07.16"]

1. e4 c5 2. Nf3 Nc6 3. Bb5 Nf6 4. Nc3 Qc7 5. O-O Nd4 6. Bc4 e6 7. d3 Ng4 8. g3
Nxf3+ 9. Qxf3 Ne5 10. Qe2 a6 11. f4 Nxc4 12. dxc4 Be7 13. f5 d6 14. Bf4 Bf6 15.
Qd2 Bxc3 16. Qxc3 e5 17. Bg5 f6 18. Bd2 Bd7 19. Qe3 b5 20. b4 bxc4 21. bxc5
Qxc5 22. Qxc5 dxc5 23. Kf2 Ba4 24. Rac1 Rb8 25. Bc3 Kd7 26. Ke3 Kc6 27. g4 h6
28. h4 Rbd8 29. Ba5 Rd4 30. Rf2 Rb8 31. Bc3 Kd6 32. Kf3 Bc6 33. Re2 Be8 34. Ke3
Bc6 35. Kf3 1/2-1/2

[Event "USA Women's Championship 2007"]
[Site "Stillwater USA"]
[Date "2007.07.17"]
[Round "4.5"]
[White "Battsetseg, Tsagaan"]
[Black "Airapetian, Chouchanik"]
[Result "1-0"]
[WhiteElo "2241"]
[BlackElo "2162"]
[PlyCount "79"]
[EventDate "2007.07.16"]
[EventType "tourn"]
[EventCountry "USA"]
[Source "lmi"]
[SourceDate "2007.07.16"]

1. e4 e5 2. Nf3 Nc6 3. Bc4 Bc5 4. c3 Nf6 5. d3 a6 6. h3 d6 7. Bb3 h6 8. Nbd2
O-O 9. Nf1 Nh5 10. g4 Nf4 11. Bxf4 exf4 12. g5 hxg5 13. Rg1 g4 14. hxg4 Qe7 15.
g5 g6 16. N1h2 Kg7 17. Qd2 Ne5 18. O-O-O f5 19. gxf6+ Rxf6 20. d4 Nxf3 21. Nxf3
Bb6 22. Bc2 Qf7 23. Kb1 Be6 24. d5 Bd7 25. e5 dxe5 26. Nxe5 Qe7 27. Nxg6 Qd6
28. Rde1 Re8 29. Ne5+ Kf8 30. Nc4 Rxe1+ 31. Rxe1 Qc5 32. Nxb6 Qxb6 33. Qe2 Qd6
34. Qe4 Rf5 35. Qd4 Rh5 36. c4 b5 37. c5 Qxd5 38. Qf6+ Qf7 39. Qd8+ Kg7 40.
Rg1+ 1-0

[Event "USA Women's Championship 2007"]
[Site "Stillwater USA"]
[Date "2007.07.18"]
[Round "5.1"]
[White "Airapetian, Chouchanik"]
[Black "Melekhina, Alisa"]
[Result "0-1"]
[WhiteElo "2162"]
[BlackElo "2099"]
[PlyCount "160"]
[EventDate "2007.07.16"]
[EventType "tourn"]
[EventCountry "USA"]
[Source "lmi"]
[SourceDate "2007.07.16"]

1. e4 e5 2. Nf3 Nc6 3. d4 exd4 4. Nxd4 Bc5 5. Nb3 Bb6 6. Nc3 d6 7. Qe2 Be6 8.
Nd5 h6 9. g3 Nf6 10. Bg2 O-O 11. O-O Re8 12. Qf3 Bxd5 13. exd5 Ne5 14. Qc3 Ng6
15. Nd4 Qd7 16. h3 Re5 17. Qc4 Rae8 18. Bd2 Ne4 19. Rad1 R5e7 20. Bc3 Ne5 21.
Qb3 Nc5 22. Qb5 Qxb5 23. Nxb5 a6 24. Nd4 g6 25. b3 Ned7 26. Bd2 Kh7 27. Be3 Ne4
28. Bxe4 Rxe4 29. c3 Nf6 30. Nc2 Bxe3 31. Nxe3 R4e7 32. Kg2 Ne4 33. Rd3 Kg7 34.
Nc2 Nc5 35. Rd2 Re2 36. Rfd1 R8e5 37. Ne3 Rxd2 38. Rxd2 f5 39. Kf3 Re4 40. h4
Kf6 41. Rd1 Nd7 42. Nc4 Re7 43. Ne3 Ne5+ 44. Kg2 Nd7 45. Rd4 Nc5 46. Kf3 Re4
47. Rd1 a5 48. Nc4 a4 49. Nd2 Re7 50. b4 Ne4 51. Nxe4+ Rxe4 52. a3 Ke5 53. Rd2
Re1 54. Rd4 Ra1 55. Rc4 Rxa3 56. Rxc7 Kxd5 57. Ke2 b5 58. Kd3 Ra2 59. f3 Rg2
60. h5 gxh5 61. Rf7 Rxg3 62. Rxf5+ Kc6 63. Rxh5 Rxf3+ 64. Kd4 Rf6 65. Rh4 a3
66. Rh2 Rf8 67. Rxh6 a2 68. Rh1 Ra8 69. Ra1 Ra4 70. Ke4 Ra7 71. Kd4 Ra3 72. c4
Kb6 73. Kd5 Rd3+ 74. Ke4 bxc4 75. Rxa2 d5+ 76. Ke5 Kb5 77. Rb2 c3 78. Rb3 Kc4
79. Rb1 c2 80. Rc1 Rd2 0-1

[Event "USA Women's Championship 2007"]
[Site "Stillwater USA"]
[Date "2007.07.18"]
[Round "5.4"]
[White "Abrahamyan, Tatev"]
[Black "Vicary, Elizabeth"]
[Result "1-0"]
[WhiteElo "2237"]
[BlackElo "2148"]
[PlyCount "93"]
[EventDate "2007.07.16"]
[EventType "tourn"]
[EventCountry "USA"]
[Source "lmi"]
[SourceDate "2007.07.16"]

1. e4 c5 2. Nf3 Nc6 3. d4 cxd4 4. Nxd4 Nf6 5. Nc3 e5 6. Ndb5 d6 7. Bg5 a6 8.
Na3 b5 9. Nd5 Be7 10. Bxf6 Bxf6 11. c3 Bg5 12. Nc2 Ne7 13. h4 Bh6 14. a4 bxa4
15. Ncb4 Bd7 16. Rxa4 a5 17. Nxe7 Qxe7 18. Nd5 Qd8 19. Ra2 O-O 20. Bc4 Kh8 21.
g3 f5 22. exf5 Bxf5 23. O-O Qc8 24. b3 Qc5 25. Qe2 e4 26. Rfa1 e3 27. Nxe3 Be4
28. b4 Qc8 29. Bd5 Bxe3 30. Bxe4 Bxf2+ 31. Kg2 Ra7 32. Rxa5 Rxa5 33. Rxa5 Qxc3
34. Bf3 Bb6 35. Rb5 Qd4 36. Rf5 Rc8 37. Bb7 Rb8 38. Qe7 Rg8 39. Bd5 Qg1+ 40.
Kh3 Bf2 41. Rxf2 Qxf2 42. Bxg8 Qf5+ 43. Kg2 Qc2+ 44. Kf3 Qc3+ 45. Qe3 Qc6+ 46.
Qe4 Qc3+ 47. Kg2 1-0

[Event "USA Women's Championship 2007"]
[Site "Stillwater USA"]
[Date "2007.07.18"]
[Round "5.5"]
[White "Tuvshintugs, Batchim"]
[Black "Baginskaite, Camilla"]
[Result "1-0"]
[WhiteElo "2236"]
[BlackElo "2328"]
[PlyCount "89"]
[EventDate "2007.07.16"]
[EventType "tourn"]
[EventCountry "USA"]
[Source "lmi"]
[SourceDate "2007.07.16"]

1. e4 c5 2. Nf3 d6 3. d4 cxd4 4. Nxd4 Nf6 5. Nc3 a6 6. Bg5 e6 7. f4 Be7 8. Qf3
Qc7 9. O-O-O Nbd7 10. Bd3 b5 11. Rhe1 Bb7 12. Qh3 O-O-O 13. e5 b4 14. exf6 gxf6
15. Ne4 fxg5 16. Nxg5 Bxg5 17. fxg5 Qa5 18. Qg3 Qxa2 19. Qxd6 Qa1+ 20. Kd2 Qxb2
21. Bxa6 Qc3+ 22. Ke2 Nb8 23. Bxb7+ Kxb7 24. Qe5 Nd7 25. Qe4+ Kb6 26. Rd3 Qc4
27. Rb1 Nb8 28. Rxb4+ Qxb4 29. Rb3 Qxb3 30. Nxb3 Nc6 31. Qe3+ Kc7 32. Qf4+ e5
33. Qxf7+ Rd7 34. Qf6 Re8 35. Ke3 Rd6 36. Qf5 Re7 37. h4 Nd4 38. Nxd4 exd4+ 39.
Kf4 Red7 40. Qd3 Rc6 41. h5 Rc3 42. Qd2 Rc4 43. Qa5+ Kd6 44. Qe5+ Kc6 45. Qe6+
1-0

[Event "USA Women's Championship 2007"]
[Site "Stillwater USA"]
[Date "2007.07.18"]
[Round "6.1"]
[White "Melekhina, Alisa"]
[Black "Baginskaite, Camilla"]
[Result "0-1"]
[WhiteElo "2099"]
[BlackElo "2328"]
[PlyCount "156"]
[EventDate "2007.07.16"]
[EventType "tourn"]
[EventCountry "USA"]
[Source "lmi"]
[SourceDate "2007.07.16"]

1. e4 c5 2. Nc3 d6 3. g3 Nc6 4. Bg2 g6 5. d3 Bg7 6. f4 e5 7. Nf3 Nge7 8. O-O
O-O 9. Be3 Nd4 10. Qd2 Rb8 11. fxe5 dxe5 12. Rf2 f6 13. Raf1 Be6 14. Bh6 b5 15.
Nxe5 b4 16. Bxg7 Kxg7 17. Nd1 Qa5 18. Nf3 Qxa2 19. Nxd4 cxd4 20. Qf4 Rbd8 21.
g4 Qa5 22. h4 g5 23. hxg5 Qxg5 24. Qxg5+ fxg5 25. Rxf8 Rxf8 26. Rxf8 Kxf8 27.
Bf3 Nc6 28. Nf2 Ne5 29. Be2 Ke7 30. b3 Kd6 31. Kg2 a5 32. Kg3 Bd7 33. Bd1 h6
34. Nh3 a4 35. bxa4 Bxa4 36. Nf2 Nc6 37. Kf3 Na7 38. Ke2 Nb5 39. Kd2 Nc3 40.
Bf3 Ke5 41. Nh3 Bd7 42. Ke1 h5 43. Nf2 h4 44. Nh3 Ba4 45. Kd2 Nb5 46. Bd1 Kf6
47. Bf3 Nd6 48. Bg2 Nf7 49. Bf3 Ne5 50. Bd1 Bd7 51. Nf2 Be6 52. Ke1 Ng6 53. Kf1
Nf4 54. Kg1 Ke5 55. Kh2 Bd7 56. Kg1 Ba4 57. Kf1 Kf6 58. Kg1 Ke6 59. Kf1 Ke5 60.
Kg1 Ne6 61. Nh3 Kf6 62. Nf2 Nc7 63. Nh3 Nb5 64. e5+ Kxe5 65. Nxg5 Nc3 66. Bf3
Kf4 67. Ne6+ Kxf3 68. g5 Ne2+ 69. Kh2 Be8 70. Nc7 Bg6 71. Kh3 Nf4+ 72. Kxh4
Nxd3 73. cxd3 b3 74. Nb5 b2 75. Nxd4+ Kf2 76. Nc6 b1=Q 77. Ne5 Qh1+ 78. Kg4
Qg1+ 0-1

[Event "USA Women's Championship 2007"]
[Site "Stillwater USA"]
[Date "2007.07.18"]
[Round "6.2"]
[White "Vicary, Elizabeth"]
[Black "Tuvshintugs, Batchim"]
[Result "0-1"]
[WhiteElo "2148"]
[BlackElo "2236"]
[PlyCount "74"]
[EventDate "2007.07.16"]
[EventType "tourn"]
[EventCountry "USA"]
[Source "lmi"]
[SourceDate "2007.07.16"]

1. e4 e5 2. Nf3 Nc6 3. Bb5 a6 4. Ba4 Nf6 5. Qe2 b5 6. Bb3 Be7 7. O-O d6 8. c3
O-O 9. Rd1 d5 10. d3 d4 11. cxd4 Nxd4 12. Nxd4 exd4 13. e5 Nd7 14. Qe4 Nb6 15.
Nd2 Rb8 16. Nf3 c5 17. h4 Bb7 18. Qg4 Bxf3 19. Qxf3 Bxh4 20. Qg4 Kh8 21. g3 Be7
22. Kg2 f5 23. exf6 Rxf6 24. Bf4 Bd6 25. Bg5 Rg6 26. f4 Be7 27. Bf7 Nd5 28. Qh5
Ne3+ 29. Kf3 Rc6 30. Rh1 h6 31. Bg6 Bxg5 32. fxg5 Qf8+ 33. Ke2 Rxg6 34. Qxg6
Re8 35. Rae1 Ng2+ 36. Kd1 Nxe1 37. Rxe1 Qf3+ 0-1

[Event "USA Women's Championship 2007"]
[Site "Stillwater USA"]
[Date "2007.07.18"]
[Round "6.4"]
[White "Battsetseg, Tsagaan"]
[Black "Rohonyan, Katerina"]
[Result "1/2-1/2"]
[WhiteElo "2241"]
[BlackElo "2316"]
[PlyCount "40"]
[EventDate "2007.07.16"]
[EventType "tourn"]
[EventCountry "USA"]
[Source "lmi"]
[SourceDate "2007.07.16"]

1. e4 c5 2. Nf3 Nc6 3. Bb5 Nf6 4. Nc3 Qc7 5. O-O Nd4 6. Nxd4 cxd4 7. Nd5 Nxd5
8. exd5 Qc5 9. c4 a6 10. b4 Qxb4 11. Ba4 g6 12. d3 b5 13. Bb3 Bg7 14. Bd2 Qc5
15. Qe1 d6 16. Rc1 Qa7 17. Bg5 h6 18. Bh4 Bf5 19. Qe2 g5 20. Bg3 O-O 1/2-1/2

[Event "USA Women's Championship 2007"]
[Site "Stillwater USA"]
[Date "2007.07.19"]
[Round "7.2"]
[White "Rohonyan, Katerina"]
[Black "Airapetian, Chouchanik"]
[Result "1-0"]
[WhiteElo "2316"]
[BlackElo "2162"]
[PlyCount "85"]
[EventDate "2007.07.16"]
[EventType "tourn"]
[EventCountry "USA"]
[Source "lmi"]
[SourceDate "2007.07.16"]

1. c4 Nf6 2. Nc3 g6 3. g3 Bg7 4. Bg2 O-O 5. Nf3 d6 6. O-O e5 7. d3 Nc6 8. Rb1
Bg4 9. b4 Qd7 10. b5 Nd4 11. Nd2 Bh3 12. Bxb7 Bxf1 13. Qxf1 Rab8 14. Qg2 Nh5
15. Nb3 f5 16. Be3 f4 17. Bxd4 exd4 18. Bc6 Qg4 19. Bf3 Qd7 20. Nd5 fxg3 21.
hxg3 Kh8 22. Nb4 Rb6 23. a4 d5 24. Nxd5 Rd6 25. Nc5 Qc8 26. Ne4 Rxd5 27. cxd5
Nf6 28. Ng5 Bh6 29. Ne6 Re8 30. Rb4 Bf8 31. Rxd4 Bd6 32. Qf1 a6 33. Rc4 axb5
34. Qa1 Rxe6 35. dxe6 Qxe6 36. axb5 h6 37. Bd5 Qe7 38. Re4 Qf8 39. Re8 Qxe8 40.
Qxf6+ Kh7 41. Bf7 Qf8 42. Qxg6+ Kh8 43. d4 1-0

[Event "USA Women's Championship 2007"]
[Site "Stillwater USA"]
[Date "2007.07.19"]
[Round "7.3"]
[White "Abrahamyan, Tatev"]
[Black "Battsetseg, Tsagaan"]
[Result "1-0"]
[WhiteElo "2237"]
[BlackElo "2241"]
[PlyCount "99"]
[EventDate "2007.07.16"]
[EventType "tourn"]
[EventCountry "USA"]
[Source "lmi"]
[SourceDate "2007.07.16"]

1. e4 c5 2. Nf3 Nc6 3. d4 cxd4 4. Nxd4 g6 5. Nc3 Bg7 6. Be3 Nf6 7. Bc4 O-O 8.
Bb3 d6 9. f3 Bd7 10. h4 Nxd4 11. Bxd4 b5 12. h5 e5 13. Be3 Nxh5 14. Qxd6 Be6
15. Qxd8 Rfxd8 16. Nxb5 Bxb3 17. axb3 a6 18. Nc3 f5 19. Bg5 Rd4 20. Kf2 f4 21.
Rhd1 Rc8 22. Ke1 Rc6 23. Rd2 Bf8 24. Nd5 Rxd2 25. Kxd2 Kf7 26. Kd3 Ng7 27. b4
Ne6 28. Bh4 h5 29. Bf2 g5 30. c4 g4 31. fxg4 hxg4 32. c5 g3 33. Bg1 Ng5 34. Nb6
Rh6 35. Rxa6 f3 36. gxf3 Rh1 37. Be3 g2 38. Ra7+ Ke8 39. c6 Ne6 40. c7 Nxc7 41.
Rxc7 Bh6 42. Bc5 Rc1 43. Re7+ Kd8 44. Rd7+ Ke8 45. Bf2 Rd1+ 46. Ke2 Rxd7 47.
Nxd7 Kxd7 48. Bc5 Bc1 49. b3 Bg5 50. Kf2 1-0

[Event "USA Women's Championship 2007"]
[Site "Stillwater USA"]
[Date "2007.07.19"]
[Round "7.5"]
[White "Baginskaite, Camilla"]
[Black "Vicary, Elizabeth"]
[Result "0-1"]
[WhiteElo "2328"]
[BlackElo "2148"]
[PlyCount "70"]
[EventDate "2007.07.16"]
[EventType "tourn"]
[EventCountry "USA"]
[Source "lmi"]
[SourceDate "2007.07.16"]

1. d4 Nf6 2. c4 e6 3. Nf3 Bb4+ 4. Bd2 Qe7 5. g3 Nc6 6. Bg2 Bxd2+ 7. Nbxd2 O-O
8. O-O d6 9. e4 e5 10. d5 Nb8 11. Ne1 a5 12. Nd3 Na6 13. a3 Bg4 14. f3 Bd7 15.
b4 c6 16. dxc6 bxc6 17. f4 Rab8 18. Rb1 axb4 19. axb4 Rb6 20. fxe5 dxe5 21. c5
Rxb4 22. Nxb4 Qxc5+ 23. Kh1 Nxb4 24. Qb3 Rb8 25. Qc4 Qd6 26. Qe2 c5 27. Nc4 Qe6
28. Rfc1 Bb5 29. Bf1 Nxe4 30. Qe3 Bc6 31. Bg2 f5 32. Nd2 f4 33. gxf4 exf4 34.
Qe1 Ng3+ 35. hxg3 Qh3+ 0-1